An Investigation on wind damage and windbreak effect in rubber-growing areas of southern Leizhou Peninsula, with reference to land use and crop allocation (Record no. 54172)

MARC details
000 -LEADER
fixed length control field 00528nam a2200157Ia 4500
100 ## - MAIN ENTRY--AUTHOR NAME
Personal name Wang Bingzhong
245 #3 - TITLE STATEMENT
Title An Investigation on wind damage and windbreak effect in rubber-growing areas of southern Leizhou Peninsula, with reference to land use and crop allocation
260 ## - PUBLICATION, DISTRIBUTION, ETC. (IMPRINT)
Name of publisher Chinese Journal of Tropical Crops
Year of publication 1985
300 ## - PHYSICAL DESCRIPTION
Number of Pages 55-65
650 ## - SUBJECT ADDED ENTRY--TOPICAL TERM
Topical Term Crop allocation
650 ## - SUBJECT ADDED ENTRY--TOPICAL TERM
Topical Term Land use
650 ## - SUBJECT ADDED ENTRY--TOPICAL TERM
Topical Term Rubber growing area
650 ## - SUBJECT ADDED ENTRY--TOPICAL TERM
Topical Term Wind damage
942 ## - ADDED ENTRY ELEMENTS (KOHA)
Koha item type Journals
Holdings
Withdrawn status Lost status Damaged status Not for loan Home library Current library Date acquired Serial Enumeration / chronology Koha item type
      Journals RRII Library RRII Library 17/12/2021 Volume 6, Issue 1 Journals